Sell now, claim later (Record no. 71521)
[ view plain ]
| 000 -LEADER | |
|---|---|
| fixed length control field | 01227cam a2200229 4500 |
| 001 - CONTROL NUMBER | |
| control field | WB3841-18 |
| 008 - FIXED-LENGTH DATA ELEMENTS--GENERAL INFORMATION | |
| fixed length control field | 021105n2002 000 0 eng u |
| 035 ## - SYSTEM CONTROL NUMBER | |
| System control number | (Sirsi) u120369 |
| 245 ## - TITLE STATEMENT | |
| Title | Sell now, claim later |
| 260 ## - PUBLICATION, DISTRIBUTION, ETC. | |
| Date of publication, distribution, etc. | 2002 |
| 490 ## - SERIES STATEMENT | |
| Series statement | Estates Gazette |
| Volume/sequential designation | (0244) 2 November 2002, 167(1) |
| 520 ## - SUMMARY, ETC. | |
| Summary, etc. | Examines recent consideration given by Court of Appeal to test case concerning rights of lenders to claim repayment on mortgage shortfalls. In "Bristol & West Plc v Bartlett" [2002] EWCA Civ 1181; [2002] 33 EG 97 (CS), examination was given to fact that lender sought repayment of shortfall more than six but less than 12 years after sale by lender due to default on mortgage payments, with regard to Limitation Act 1980. CA decided that limitation periods applicable to mortgages continue to apply after a sale, and any shortfall in principal can be reclaimed within 12 years, but repayment of any interest must be sought within six years. |
| 590 ## - LOCAL NOTE (RLIN) | |
| Local note | WB |
| 650 ## - SUBJECT ADDED ENTRY--TOPICAL TERM | |
| Topical term or geographic name entry element | HOPKINSON V TUPPER |
| 650 ## - SUBJECT ADDED ENTRY--TOPICAL TERM | |
| Topical term or geographic name entry element | BRISTOL & WEST PLC V BARTLETT |
| 650 ## - SUBJECT ADDED ENTRY--TOPICAL TERM | |
| Topical term or geographic name entry element | LIMITATION ACT 1980 |
| 650 ## - SUBJECT ADDED ENTRY--TOPICAL TERM | |
| Topical term or geographic name entry element | MORTGAGES |
| 650 ## - SUBJECT ADDED ENTRY--TOPICAL TERM | |
| Topical term or geographic name entry element | PARAGON FINANCE PLC V BANKS |
| 650 ## - SUBJECT ADDED ENTRY--TOPICAL TERM | |
| Topical term or geographic name entry element | HALIFAX PLC V GRANT |
| 690 ## - LOCAL SUBJECT ADDED ENTRY--TOPICAL TERM (OCLC, RLIN) | |
| Topical term or geographic name as entry element | PROPERTY |
| 942 ## - ADDED ENTRY ELEMENTS (KOHA) | |
| Suppress in OPAC | 0 |
| Withdrawn status | Lost status | Source of classification or shelving scheme | Damaged status | Not for loan | Home library | Current library | Shelving location | Date acquired | Total Checkouts | Full call number | Barcode | Date last seen | Copy number | Price effective from | Koha item type |
|---|---|---|---|---|---|---|---|---|---|---|---|---|---|---|---|
| Dewey Decimal Classification | London | London | News article | 05/11/2002 | WB3841-18 | 120369-1001 | 06/08/2019 | 1 | 06/08/2019 | News article |